| 000 | 01017nam a22003377a 4500 | ||
|---|---|---|---|
| 001 | 0068303 | ||
| 003 | KOHA_MİRAKIL | ||
| 005 | 20260207004755.0 | ||
| 007 | ta | ||
| 008 | 230302b2014 tu |||gr||||#||||0|tur | | ||
| 020 | _a9789756263235 | ||
| 040 |
_aTR-BiSEU _btur _cTR-BiSEU _erda |
||
| 041 | 0 | _atur | |
| 044 | _ctu | ||
| 050 |
_aTH7687.7 _b.K55 2014 |
||
| 245 | 0 |
_aKlima santralleri/ _cEditör Mustafa Bilge. |
|
| 250 | _aGeliştirilmiş 3. Baskı | ||
| 264 | 1 |
_aİstanbul : _bISKAV _c2014 |
|
| 300 | _a130 sayfa: resimli; 29 cm. | ||
| 336 |
_ametin _btxt _2rdacontent |
||
| 337 |
_aaracısız _bn _2rdamedia |
||
| 338 |
_acilt _bnc _2rdacarrier |
||
| 490 | 1 |
_aTeknik kitaplar dizisi no ; _v01 |
|
| 500 | _aKaynakça var. | ||
| 650 | 0 |
_aHava düzenleme--Donanım ve malzeme. _9131062 |
|
| 650 | 0 |
_aHava düzenleme. _952275 |
|
| 650 | 0 |
_aAir conditioning. _948781 |
|
| 650 | 0 |
_aAir conditioning--Equipment and supplies. _981310 |
|
| 830 | 1 |
_aTeknik kitaplar dizisi no ; _v01 _9131063 |
|
| 942 |
_2lcc _cBK |
||
| 999 |
_c68991 _d68991 |
||